000 00403nmm a2200145Ia 4500
008 251105s9999||||xx |||||||||||||||||und||
041 _aspa
100 _aMalo, Blas
245 0 _aEl esclavo de la Al-Hamrá
264 _a[Madrid, España] :
_bEdiciones B,
_c2014
300 _a464 páginas
650 _aHistorical fiction
856 _uhttps://public.digitaliapublishing.com/a/53147
942 _cCF
999 _c105091
_d105091